000 00314nam a2200109Ia 4500
008 200302s9999 xx 000 0 und d
100 _aErnest Burden
245 _aDesign Presentation techniques for Marketing and Project Proposals
260 _bMcgraw-hill International Book Co.,
260 _c1984
300 _a247 P.,
999 _c890
_d890